00870nam a2200229Ia 450000500170000000800410001704000190005804100120007708200170008910000160010624501150012226000380023730000150027550400500029065000250034065100340036585000100039994200070040999900160041695201040043295201040053620230629103939.0131103s9999 xx 000 0 und d aLoreto College aEnglish a942.061bTAN aTanner,J.R. aConstitutional documents of the reign of James Ib A.D. 1603 - 1625 with an historical commentory cJ.R.Tanner aCambridgebUniversity Pressc1960 axv,389 p.  aIncludes bibliographical references and index aJames I, 1603 - 1625 aEngland - History,1603 - 1625 aLCLIB cBK c8411d58890 00102ddc4070aMAINbMAINd2013-11-04l0o942.061 TAN 15741pB21127r2013-11-04w2013-11-04yBKf 00102ddc4070aMAINbMAINd2013-11-04l0o942.061 TAN 15740 pB8284r2013-11-04w2013-11-04yBKf